=LDR 00000nam 2200000 4500 =001 INLIS000000000036738 =005 20150113103944.0 =006 =007 =008 Ind =035 ##$$0010-061300000036738 =041 ##$$a Ind =082 ##$$a 813 =090 ##$$a 813, Lin c =100 ##$$a Linosey, Johanna =245 ##$$a Captive of my desira, tawanan cinta di tengah lautan, Johanna Lindsey ; penerjemah, Endang Sulistyowati =260 ##$$a 2010 $b Jakarta =300 ##$$a 426 hlm, 20 cm =650 ##$$a Fiksi Indonesia =700 ##$$a Sulistyowati, Enong =850 ##$$a NBPNMAT =990 ##$$a 21194879/BPAP-NTB/2014 =990 ##$$a 21194882/BPAP-NTB/2014 =990 ##$$a 0001/BPAP-NTB/20142015